Antecedentes penales, trabajo e inclusión social /
Guardado en:
| Otros Autores: | , |
|---|---|
| Formato: | Libro |
| Idioma: | Undetermined |
| Publicado: |
Ciudad Autónoma de Buenos Aires :
Fabian J. Di Placido,
2019.
|
| Edición: | 1a. ed. |
| Materias: | |
| Etiquetas: |
Agregar Etiqueta
Sin Etiquetas, Sea el primero en etiquetar este registro!
|
| LEADER | 00683nam a22001815a 4500 | ||
|---|---|---|---|
| 001 | DER.der015234 | ||
| 008 | 250626s2019####xx############000#0#und#d | ||
| 005 | 20250626163537.0 | ||
| 245 | 1 | 0 | |a Antecedentes penales, trabajo e inclusión social / |c dirigido por Gabriel I. Anitua y coordinado por Pablo Ordóñez y Tomás Puppio Zubiría. |
| 250 | |a 1a. ed. | ||
| 260 | |a Ciudad Autónoma de Buenos Aires : |b Fabian J. Di Placido, |c 2019. | ||
| 300 | |a 312 p. | ||
| 020 | |a 9789871769421 | ||
| 100 | 1 | |a Anitua, Gabriel I., |e dir. | |
| 700 | 1 | |a Ordóñez, Pablo, |e coord. | |
| 700 | 1 | |a Puppio Zubiría, Tomás, |e coord. | |
| 650 | 7 | |a DERECHO PROCESAL PENAL | |
| 859 | |a DERECHO |b BIB. DERECHO |h 345.05 |i ANI |p 0010620 | ||
